Indonesian Endemic Animals - Statistics

General Stats
  • This quiz has been taken 104 times
  • The average score is 6 of 15
Answer Stats
Picture Answer % Correct
Komodo Dragon
99%
Orangutan
96%
Bird of Paradise | Cendrawasih
66%
Sumatran Tiger
54%
Bubalus | Anoa
53%
Babirusa
31%
Sumatran Rhinoceros
29%
Javan Rhinoceros
26%
Javan Hawk-eagle
25%
Malayan Tapir | Sumatran Tapir
22%
Maleo
20%
Bali Myna | Bali Starling
18%
Helmeted Hornbill
7%
Pygmy Tarsier
7%
Borneo Elephant
5%
No matching quizzes found
Score Distribution
Percent of People with Each Score
Percentile by Number Answered
Your Score History
You have not taken this quiz